000 00764nam a2200265 i 4500
001 41577
003 ES-MaACL
005 20250805062602.0
007 t|
008 030311s1985 sp ||||1| spa d
020 _a84-7222-836-3
080 _a316
080 _a929Mead, Margaret
100 1 _aCassidy, Robert.
_936349
245 1 0 _aMargaret Mead
_b: el pensamiento de una época /
_cRobert Cassidy ; traducción de Carlos Milla.
260 _aBarcelona :
_bLaia,
_c1985.
300 _a239 p. ;
_c19 cm.
500 _aÍndice.
504 _aBibliografía: p. 231-238.
600 1 4 _aMead, Margaret.
_979621
650 7 _aSociología
_2embne
_917195
700 1 _aMilla Soler, Carlos.
_9139937
852 4 _aES-MaACL
_jB-6113
999 _c41577
_d41577